Dr. T.G. Masaryk apoštol pravdy boží bojovník

Bibliographic Details
Main Author: Polívka, Vladimír, 1893-1938 (Author)
Format: Book
Language:Slovak
PhysicalDescription:127, [1] s. 8°
Published: Lučenec autor 1934
Edition:2., dopln. vyd.
Subjects:

MARC

LEADER 00000nam a2200000 a 4500
001 vtls008391407
003 SK-MaSNL
005 20260301192517.0
008 251124s1934 xo slo
015 |a SKSNBA19191938-009371 
035 |a SK01SNKBSKHR20010083624 
035 |a SKM000086087 
040 |a SNK  |b slo  |c SNK  |e AACR2 
041 1 |a slo 
044 |a xo 
080 |a 929 Masaryk, Tomáš Garrigue  |2 1981 
100 1 |a Polívka, Vladimír,  |d 1893-1938  |4 aut  |9 134195 
245 1 0 |a Dr. T.G. Masaryk apoštol pravdy boží bojovník  |c Vladimír Polívka 
250 |a 2., dopln. vyd. 
260 |a Lučenec  |b autor  |c 1934  |e Banská Bystrica  |f Slovan 
300 |a 127, [1] s.  |c 8° 
500 |a Pozn. a lit. pod čiarou 
500 |a Na tit. liste: V prospech Slov. Škôl Robotníckych v Lučenci a vo Zvolene 
505 0 |a Úvodné slovo 
510 0 |a Niekoľko poznámok k II. vydaniu od autora 
600 1 7 |a Masaryk, Tomáš Garrigue,  |d 1850-1937  |2 SNK  |9 98178 
655 7 |a autobiografie  |2 SNKPH  |9 70280 
852 |a Slovenská národná knižnica v Martine  |b 10000  |h MS SD 3665 
852 |a Slovenská národná knižnica v Martine  |b 10000  |h MS SC 20618 
852 |a Univerzitná knižnica v Bratislave  |b 300000  |h XXG 876 
958 |a OND 
958 |a RK 
958 |a TL 
999 |c 874366  |d 876296 
952 |a SNK  |b SNK  |y VYP  |7 0  |p 17A0536465  |o snkSD 3665 D1  |i snkV 847/94  |8 2  |3 rekatalogizácia  |0 0  |1 0  |4 0  |d 2007-01-22  |l 0  |r 2026-02-24 05:53:58  |w 2026-02-24 
952 |a SNK  |b SNK  |y VYP  |7 0  |p 17A0536466  |o snkSD 3665 D1  |i snkD 3458/61  |8 1  |3 rekatalogizácia  |0 0  |1 0  |4 0  |d 2007-01-22  |l 0  |r 2026-02-24 05:53:58  |w 2026-02-24